Passion's dream. : (Record no. 17726)
[ view plain ]
| 000 -LEADER | |
|---|---|
| fixed length control field | 00768cam a22002411a 4500 |
| 001 - CONTROL NUMBER | |
| control field | ca 34002306 |
| 003 - CONTROL NUMBER IDENTIFIER | |
| control field | DLC |
| 005 - DATE AND TIME OF LATEST TRANSACTION | |
| control field | 20260227111136.0 |
| 007 - PHYSICAL DESCRIPTION FIXED FIELD--GENERAL INFORMATION | |
| fixed length control field | cr_||||||||||| |
| 008 - FIXED-LENGTH DATA ELEMENTS--GENERAL INFORMATION | |
| fixed length control field | 860228s1895 nyu 000 0 eng |
| 010 ## - LIBRARY OF CONGRESS CONTROL NUMBER | |
| LC control number | ca 34002306 |
| 035 ## - SYSTEM CONTROL NUMBER | |
| System control number | (OCoLC)16408608 |
| 040 ## - CATALOGING SOURCE | |
| Original cataloging agency | DLC |
| Transcribing agency | RPB |
| Modifying agency | DLC |
| 042 ## - AUTHENTICATION CODE | |
| Authentication code | premarc |
| 050 00 - LIBRARY OF CONGRESS CALL NUMBER | |
| Classification number | PS2757.S36 |
| Item number | P3 |
| 100 1# - MAIN ENTRY--PERSONAL NAME | |
| Personal name | Sample, W. Boyd |
| Fuller form of name | (Walter Boyd). |
| 245 10 - TITLE STATEMENT | |
| Title | Passion's dream. : |
| Remainder of title | A tragedy. / |
| Statement of responsibility, etc. | By W. Boyd Sample. |
| 260 ## - PUBLICATION, DISTRIBUTION, ETC. | |
| Place of publication, distribution, etc. | New York : |
| Name of publisher, distributor, etc. | G.W. Dillingham, Publisher, successor to G.W. Carleton & Co., |
| Date of publication, distribution, etc. | 1895. |
| 300 ## - PHYSICAL DESCRIPTION | |
| Extent | 122 p. ; |
| Dimensions | 19 cm. |
| 500 ## - GENERAL NOTE | |
| General note | In verse. |
| 530 ## - ADDITIONAL PHYSICAL FORM AVAILABLE NOTE | |
| Additional physical form available note | Also available in digital form on the Internet Archive Web site. |
| 856 41 - ELECTRONIC LOCATION AND ACCESS | |
| Uniform Resource Identifier | <a href="http://hdl.loc.gov/loc.gdc/scd0001.00158715272">http://hdl.loc.gov/loc.gdc/scd0001.00158715272</a> |
No items available.